Inovačná stratégia podnikov automobilového priemyslu pri prekonávaní dopadov hospodárskej krízy

Miesto automobilového priemyslu v národných ekonomikách. Hodnotenie vývoja automobilového priemyslu. Automobilový priemysel Slovenska. Štatistické údaje. Ekonomika dodávateľov v automobilovom priemysle. Hlavné odporúčania pre automobilový priemysel v časoch krízy.

Uložené v:
Podrobná bibliografia
Hlavný autor: Ferencz, Vojtech
Ďalší autori: Dugas, Jaroslav, 1967-, Hičák, Štefan, 1983-
Médium: Kapitola
Jazyk:Slovak
Predmet:
Tagy: Pridať tag
Žiadne tagy, Buďte prvý, kto otaguje tento záznam!

MARC

LEADER 00000nla$a2200000$$$4500
001 0125992
005 20240502072433.8
041 0 |a slo 
044 |a SK 
245 1 0 |a Inovačná stratégia podnikov automobilového priemyslu pri prekonávaní dopadov hospodárskej krízy  |c Vojtech Ferencz, Jaroslav Dugas, Štefan Hičák 
520 |a Miesto automobilového priemyslu v národných ekonomikách. Hodnotenie vývoja automobilového priemyslu. Automobilový priemysel Slovenska. Štatistické údaje. Ekonomika dodávateľov v automobilovom priemysle. Hlavné odporúčania pre automobilový priemysel v časoch krízy. 
610 2 0 |a priemysel automobilový 
610 2 0 |a výrobcovia 
610 2 0 |a dodávatelia 
610 2 0 |a inovácia 
610 2 0 |a znižovanie cien 
610 2 0 |a znižovanie nákladov 
610 2 0 |a kríza hospodárska 
100 1 |a Ferencz, Vojtech 
700 1 |a Dugas, Jaroslav, 1967- 
700 1 |a Hičák, Štefan, 1983-